| 000 | 00361nam a22001577a 4500 | ||
|---|---|---|---|
| 003 | SGT | ||
| 020 | _a978-93-5270-034-9 | ||
| 082 |
_a614.44 _bP17R |
||
| 100 | _aRAHIM , ASMA | ||
| 245 | _aPRINCIPLES AND PRACTICE OF COMMUNITY MEDICINE | ||
| 250 | _a2ND | ||
| 260 |
_aNEW DELHI _bJAYPEE PUB _c2017 |
||
| 300 | _a758 | ||
| 650 | _aAYURVEDA | ||
| 942 |
_2ddc _cBK _07 |
||
| 999 |
_c15100 _d15100 |
||